Tục thờ cúng của người Việt

محفوظ في:
التفاصيل البيبلوغرافية
المؤلف الرئيسي: BÙI XUÂN MỸ
التنسيق: كتاب
اللغة:Undetermined
منشور في: VHTT
الوسوم: إضافة وسم
لا توجد وسوم, كن أول من يضع وسما على هذه التسجيلة!
Thư viện lưu trữ: Trung tâm Học liệu Trường Đại học Cần Thơ
LEADER 00385nam a2200133Ia 4500
001 CTU_50039
008 210402s9999 xx 000 0 und d
082 |a 394.209597 
082 |b M600 
100 |a BÙI XUÂN MỸ 
245 0 |a Tục thờ cúng của người Việt 
245 0 |c BÙI XUÂN MỸ 
260 |b VHTT 
980 |a Trung tâm Học liệu Trường Đại học Cần Thơ